000 01115cam a22002414a 4500
005 20250605163925.0
008 250528s ||||||||||||||||||||||||d
035 _a14522
020 _a521331153
040 _aGR-AtMCL
_bgre
_dGR-AtMCL
_eAACR2
245 1 _aThe Empire of Chance / How Probability Changed Science and Everyday Life
250 _a1st
260 _bCambridge University Press,
_c1989
300 _a342
520 _aThis book tells how quantitative ideas of chance transformed the natural and social sciences, as well as daily life, over the past three centuries. Acknowledgements, Introduction, Classical Probabilities 1660-1840, Statistical Probabilities 1820-1900, The Inference Experts, Chance and Life: Controversies in Modern Biology, The Probabilistic Revolution in Physics, Statistics of the Mind, Numbers Rule the World, The Implications of Chance, References, Name and Subject Index.
700 1 _aDaston Lorraine
_9221
700 1 _aGigerenzer Gerd
_9222
700 1 _aPorter Theodore
_9223
700 1 _aSwijtink Zeno
_9224
942 _cBK
999 _c149
_d149